01625cam a22004814i 4500003000900000005001700009008004100026035001900067040003300086082002000119082002100139100003300160245006900193264005800262300005300320336002100373337002500394338002300419504003900442504003300481505044100514526001000955526001000965526001000975526001000985526001000995526000901005526000901014526000901023526000901032526000901041526000901050526000901059526000901068526000901077526000901086526000801095526000801103526000801111526000801119526000801127526000801135PE-LiUPU20250731170435.0150625s1979 pr a rb 001 0 spa d a(Sirsi) a31002 aPE-LiUPUbspacPE-LiUPUerda04a131.33bZ8222104a131.33bZ82 19791 aZimbardo, Philip G.,eautor.13aLa timidez :bqué es, qué hacer con ella /cPhilip Zimbardo. 1aPuerto Rico :bFondo educativo interamericano,c1979. a304 páginas :bilustraciones ;c21 centimetros atext2rdacontent aunmediated2rdamedia avolume2rdacarrier aBibliografía: páginas 271-289. aÍndice: páginas 291-304. a¿Qué es la timidez?: Entender la timidez, El mundo personal del tímido, ¿Por qué tímido?, Padres, profesores y niños tímidos, Amigos amantes y desconocidos tímidos, De triste a malo ligeramente loco -- Que hacer acerca de la timidez: Entenderse a sí mismo, Entender su timidez, Aumentar su auto estimación, Desarrollar sus habilidades sociales, Ayudar a otros a vencer su timidez, Prevenir la timidez en la sociedad. aSEG68 aSEG70 aSEG69 aSEG67 aSEG43 aP144 aP143 aP131 aP122 aP120 aP117 aP112 aP110 aP106 aP101 aP80 aP59 aP54 aP35 aP33 aP30